Football : Liste Espagne Euro 2024 - Statistiques

Statistiques générales
  • Ce quiz a été pris 560 fois
  • Le résultat moyen est 19 sur 26
Statistiques - réponses
Club Poste Joueur % Correct
FC Barcelone Ailier Yamal
96%
FC Barcelone Milieu Pedri
92%
Real Madrid Latéral droit Carvajal
91%
Manchester City Milieu défensif Rodri
91%
Athletic Bilbao Ailier Williams
90%
Al-Nassr Défenseur central Laporte
88%
Leipzig Milieu offensif Olmo
88%
Chelsea Latéral gauche Cucurella
86%
Athletic Bilbao Gardien Simon
85%
PSG Milieu Ruiz
84%
Bayer Leverkusen Latéral gauche Grimaldo
81%
Real Sociedad Défenseur central Le Normand
81%
Arsenal Gardien Raya
81%
Atletico Madrid Attaquant de pointe Morata
78%
Real Madrid Attaquant de pointe Joselu
73%
FC Barcelone Ailier Torres
72%
Real Madrid Défenseur central Nacho
69%
Real Sociedad Attaquant de pointe Oyarzabal
68%
FC Séville Latéral droit Navas
65%
Real Sociedad Milieu Merino
64%
Real Sociedad Milieu défensif Zubimendi
61%
FC Barcelone Milieu Lopez
46%
Real Sociedad Gardien Remiro
45%
Athletic Bilbao Défenseur central Vivian
38%
Villarreal Milieu offensif Baena
30%
Betis Séville Ailier Ayoze
18%
Aucun quiz correspondant
Distribution des résultats
% des personnes avec chaque résultat
Percentile par nombre de réponses
Votre historique - résultats
Vous n’avez pas pris ce quiz